000
00286nam a2200097Ia 4500
008
240331s9999 xx 000 0 und d
082
_b
BRE
100
_a
Breckenridge, S.N
245
4
_a
The hills of paradise :
_b
British enterprise and the story of plantation growth in Sri Lanka
942
_c
L
999
_c
2771
_d
2771